Sports Quiz

Random Sports or MLB Quiz
Score 0/25 Timer 06:00
14 Plays Today
Position Player % Correct
1BAnthony Rizzo
96.9%
3BKris Bryant
96.3%
SPJon Lester
90.4%
2BJavier Báez
89.7%
SSAddison Russell
88.3%
SPJake Arrieta
86.4%
RFJason Heyward
85.6%
BenchDavid Ross
85.3%
CFDexter Fowler
84.8%
RPAroldis Chapman
84.1%
DHKyle Schwarber
83.5%
SPKyle Hendricks
83%
LFBen Zobrist
82%
Position Player % Correct
CWillson Contreras
75.5%
SPJohn Lackey
74.9%
BenchMiguel Montero
69%
RPMike Montgomery
62.9%
RPCarl Edwards
61.8%
RPPedro Strop
54%
BenchAlbert Almora
52.1%
RPHéctor Rondón
48.7%
BenchJorge Soler
44.7%
RPTravis Wood
43.3%
BenchChris Coghlan
38%
RPJustin Grimm
33.2%

You're not logged in!

Compare scores with friends on all Sporcle quizzes.
OR
Log In

Sporcle TV

Today on Sporcle TV


Watch our educational content, quiz creation guides, and fun videos on Sporcle TV.

Show Comments

Extras

Top Quizzes Today


Score Distribution

Paid Content

Your Account Isn't Verified!

In order to create a playlist on Sporcle, you need to verify the email address you used during registration. Go to your Sporcle Settings to finish the process.

Report this User

Report this user for behavior that violates our Community Guidelines.

Details: